<?xml version="1.0" encoding="UTF-8"?>
<record
    xmlns:xsi="http://www.w3.org/2001/XMLSchema-instance"
    xsi:schemaLocation="http://www.loc.gov/MARC21/slim http://www.loc.gov/standards/marcxml/schema/MARC21slim.xsd"
    xmlns="http://www.loc.gov/MARC21/slim">

  <leader>01813nam a22003132a 4500</leader>
  <controlfield tag="001">30610</controlfield>
  <controlfield tag="003">BD-RjUL</controlfield>
  <controlfield tag="005">20211209051605.0</controlfield>
  <controlfield tag="008">140410t1952    enk      b    001 0 eng d</controlfield>
  <datafield tag="035" ind1=" " ind2=" ">
    <subfield code="a">(BD-RjUL)30696</subfield>
  </datafield>
  <datafield tag="040" ind1=" " ind2=" ">
    <subfield code="a">DLC</subfield>
    <subfield code="b">eng</subfield>
    <subfield code="c">DLC</subfield>
    <subfield code="d">BD-RjUL</subfield>
  </datafield>
  <datafield tag="041" ind1=" " ind2=" ">
    <subfield code="a">eng</subfield>
  </datafield>
  <datafield tag="082" ind1="0" ind2="4">
    <subfield code="a">181.4</subfield>
    <subfield code="b">CON 1952</subfield>
  </datafield>
  <datafield tag="245" ind1="1" ind2="0">
    <subfield code="a">Contemporary Indian philosophy /</subfield>
    <subfield code="c">by M. K. Gandhi [and others] edited by S. Radhakrishnan and J. H. Muirhead</subfield>
  </datafield>
  <datafield tag="250" ind1=" " ind2=" ">
    <subfield code="a">[Rev. 2d and enl. ed.]</subfield>
  </datafield>
  <datafield tag="260" ind1=" " ind2=" ">
    <subfield code="a">London :</subfield>
    <subfield code="b">G. Allen &amp; Unwin,</subfield>
    <subfield code="c">[1952]</subfield>
  </datafield>
  <datafield tag="300" ind1=" " ind2=" ">
    <subfield code="a">648 p. ;</subfield>
    <subfield code="c">23 cm</subfield>
  </datafield>
  <datafield tag="490" ind1="1" ind2=" ">
    <subfield code="a">The Muirhead library of philosophy</subfield>
  </datafield>
  <datafield tag="500" ind1=" " ind2=" ">
    <subfield code="a">Hirlyanna, M. The problem of truth.--Humayun Kabir. Freedom, authority and imagination.--Maitra, S. K. Outlines of an emergent theory of values.--Malkani, G. R. Freedom through knowledge.--Mukerji A. C. Suggestions for a idealistic theory of knowledge.--Murti, T. R. V. The spirit of philosophy.--Radhakrishnan, S. The spirit in man.--Raju, P. T. The inward absolute and the activism of the finite self.--Ranade, R. D. The evolution of my own thought.--Sharif, M. M. Dialectical monadism.--Subrahmanya Iyer, V. Man's interest in philosophy: an Indian view.--Wadia, A. R. Pragmatic idealism</subfield>
  </datafield>
  <datafield tag="504" ind1=" " ind2=" ">
    <subfield code="a">Includes bibliographical reference and index.</subfield>
  </datafield>
  <datafield tag="505" ind1="0" ind2=" ">
    <subfield code="a">Gandhi, M. K. [Answers to three questions]--Tagore, R. The religion of an artist.--Abhed&#x101;nanda, Sw&#x101;mi. Hindu philosophy in India.--Bhattacharyya, H. The principle of activism.--Bhattacharyya, K. C. The concept of philosophy.--Chatterji, G. C. Common-sense em</subfield>
  </datafield>
  <datafield tag="650" ind1=" " ind2="0">
    <subfield code="a">Hindu philosophy</subfield>
    <subfield code="9">5119</subfield>
  </datafield>
  <datafield tag="700" ind1="1" ind2=" ">
    <subfield code="a">Muirhead, Jean Henry,</subfield>
    <subfield code="d">1855-1940.</subfield>
    <subfield code="9">92996</subfield>
  </datafield>
  <datafield tag="700" ind1="1" ind2=" ">
    <subfield code="a">Radhakrishnan, S.</subfield>
    <subfield code="9">4068</subfield>
  </datafield>
  <datafield tag="830" ind1=" " ind2="0">
    <subfield code="a">Muirhead library of philosophy</subfield>
    <subfield code="9">93000</subfield>
  </datafield>
  <datafield tag="942" ind1=" " ind2=" ">
    <subfield code="2">ddc</subfield>
    <subfield code="c">BK</subfield>
  </datafield>
  <datafield tag="999" ind1=" " ind2=" ">
    <subfield code="c">30610</subfield>
    <subfield code="d">30610</subfield>
  </datafield>
  <datafield tag="952" ind1=" " ind2=" ">
    <subfield code="0">0</subfield>
    <subfield code="1">0</subfield>
    <subfield code="2">ddc</subfield>
    <subfield code="4">0</subfield>
    <subfield code="7">1</subfield>
    <subfield code="8">NFIC</subfield>
    <subfield code="a">RUCL</subfield>
    <subfield code="b">RUCL</subfield>
    <subfield code="c">Reading</subfield>
    <subfield code="d">1955-09-09</subfield>
    <subfield code="e">B.H.Blackkwell</subfield>
    <subfield code="g">1.15</subfield>
    <subfield code="l">0</subfield>
    <subfield code="o">181.4 CON 1952</subfield>
    <subfield code="r">2014-04-10 00:00:00</subfield>
    <subfield code="t">C-1</subfield>
    <subfield code="w">2014-04-10</subfield>
    <subfield code="y">BK</subfield>
  </datafield>
</record>
